000 00695nam a2200265Ia 4500
005 20260121170356.0
008 008 260114s9999 xx 000 0 eng d
020 _a9789048198122
037 _aEBOOK
040 _aCRL
040 _beng
040 _cCRL
041 _2eng
041 _aeng
084 _qCRL
100 _aJoshua Lipton, Ece Ă–zdemiro?lu, David Chapman, Jennifer Peers
_91063117
245 0 _aEquivalency Methods for Environmental Liability
260 _bSpringer
260 _bSpringer
260 _c2018
856 _uhttps://link.springer.com/openurl?genre=book&isbn=978-90-481-9812-2
942 _cEBOOK
999 _c1628846
_d1628846